Q. D. B. V. de decoro gentium circa belli initia praeside Gottl. Samuel Trever politices et moral. prof. publ. ord. P. T. Academiae vice-rectore in iuleo maiori die XXIII decembr. MDCCXXVII. Publice disquiret auctor Carol. Anton. L. B. de Frisendorff suecus

Detalles Bibliográficos
Autor principal: Frisendorff, Carol. Anton. B. de
Formato: Libro
Lenguaje:Latin
Publicado: Helmstadii : typis Pauli Dieterici Schnorrii Acad. typogr., 1746.
Materias:
Colección:Banco de datos
Acervo:Fondo Bibliográfico Antiguo Víctor Manuel Castillo de la Universidad de Ciencias y Artes de Chiapas
Descripción Física:[3] h., 78 p., [1] h. ; 4°
Tema general:Derecho civil
Notas:Portada tipográfica con pleca en grabado xilográfico. Texto a renglón seguido. Incluye cabecera de título floreada en grabado xilográfico. Incluye capitular floreada en grabado xilográfico
LEADER 01090nam a22001930004500
035 |a 1946 
041 0 |a lat 
100 1 |a Frisendorff, Carol. Anton. B. de 
245 1 0 |a Q. D. B. V. de decoro gentium circa belli initia praeside Gottl. Samuel Trever politices et moral. prof. publ. ord. P. T. Academiae vice-rectore in iuleo maiori die XXIII decembr. MDCCXXVII. Publice disquiret auctor Carol. Anton. L. B. de Frisendorff suecus  
260 |a Helmstadii : typis Pauli Dieterici Schnorrii Acad. typogr., 1746. 
300 |a [3] h., 78 p., [1] h. ; 4° 
500 |a Portada tipográfica con pleca en grabado xilográfico. Texto a renglón seguido. Incluye cabecera de título floreada en grabado xilográfico. Incluye capitular floreada en grabado xilográfico 
501 |a 14 obras 
504 |a Al final de la obra está una dedicatoria 
650 1 0 |a Derecho civil 
949 |a UNICACH, Colección de Víctor Manuel Castillo: 01433-G 
942 |c CHIACASTI 
943 |g Fondo Bibliográfico Antiguo Víctor Manuel Castillo de la Universidad de Ciencias y Artes de Chiapas 
999 |c 1100242  |d 1100242